000 00610nam a22001817a 4500
003 UA-OsUOA
001 18366
007 ta
008 20040506b un ||||| |||| 00| 0 ukr d
100 _aТумановський О.
942 _cSA
040 _aUA-OsUOA
_cUA-OsUOA
_dUA-OsUOA
245 _aЯка вона , Рівненська олія?
_b[Про фірму "Радема" в Рівному , яка виробляє якісну олію]
300 _aС.7
955 _a0
773 0 _w0
_tВОЛИНЬ
_dРівне
_d2004
_g№18/30 квіт./
650 7 _aКраєзнавча робота
_2UDC
999 _c304537
_d304537